The Human Boy and the War

Saved in:
Bibliographic Details
Main Author: Phillpotts, Eden, 1862-1960
Format: Electronic eBook
Language:English
Published: Project Gutenberg, 2013
Series:Project Gutenberg 41779
Online Access:http://www.gutenberg.org/etext/41779
Rights
Tags: Add Tag
No Tags, Be the first to tag this record!
Call Number :

MARC

LEADER 00000cam a22000003a 4500
001 62483
003 MY-KLNDU
005 20241219024809.0
008 210402s2013||||xxu|||||s|||||000 | eng d
035 |a (PGUSA)41779 
039 9 |y 202104021429  |z VLOAD 
040 |a PGUSA  |b eng 
042 |a dc 
100 1 |a Phillpotts, Eden, 1862-1960 
245 1 4 |a The Human Boy and the War  |h [electronic resource] /  |c by Eden, 1862-1960 Phillpotts 
260 |b Project Gutenberg,  |c 2013 
500 |a Project Gutenberg 
506 |a Freely available. 
516 |a Electronic text 
599 |a Dummy Record 
830 0 |a Project Gutenberg  |v 41779 
856 4 0 |u http://www.gutenberg.org/etext/41779 
856 4 2 |u http://www.gutenberg.org/license  |3 Rights 
999 |a vtls000071619  |c 62483  |d 62483